[Event "Aut_chT_0910"]
[Site "Baden"]
[Date "2009.11.08"]
[Round "3"]
[Board "1"]
[White "Lanka, Zigurds"]
[Black "Ragger, Markus"]
[Result "1/2-1/2"]
[WhiteElo "2506"]
[BlackElo "2568"]
[PlyCount "135"]
[EventDate "2009.11.06"]
[EventType "team"]
[EventRounds "11"]
[EventCountry "AUT"]
[WhiteTeam "Mayrhofen/Zillertal"]
[BlackTeam "SK Kl.Ztg.MPOE Maria Saal"]

1.e4 e5 2.Nf3 Nc6 3.Bb5 a6 4.Ba4 Nf6 5.O-O b5 6.Bb3 Bc5 7.a4 Rb8 8.axb5 axb5
9.c3 d6 10.d3 O-O 11.h3 h6 12.Re1 Re8 13.Nbd2 Bb6 14.Nf1 Be6 15.Be3 d5 16.Bxb6
Rxb6 17.exd5 Bxd5 18.Bc2 Rb8 19.Ng3 Ra8 20.Qe2 Rxa1 21.Rxa1 Qd7 22.Nd2 Be6
23.Nde4 Nxe4 24.dxe4 Ne7 25.Rd1 Qc6 26.Nf5 Nxf5 27.exf5 Bc4 28.Qe3 b4 29.cxb4
Bd5 30.Qd3 e4 31.Qxd5 Qxc2 32.Rd2 Qb1+ 33.Kh2 e3 34.fxe3 Rxe3 35.f6 Qe4 36.Qxe4
Rxe4 37.Rd8+ Kh7 38.Rd7 gxf6 39.Rxf7+ Kg6 40.Rxc7 Rxb4 41.Rc2 f5 42.Kg3 Kg5
43.Kf2 Rb3 44.Rd2 f4 45.Rc2 h5 46.Kg1 Kg6 47.Rf2 Kf5 48.Kf1 Kg5 49.Ke1 Rb4
50.Kd1 Kh4 51.Ke1 Kg5 52.Rd2 Kh4 53.Kf2 Rb3 54.Re2 Kg5 55.Re5+ Kg6 56.h4 Rxb2+
57.Kf3 Ra2 58.Rg5+ Kh6 59.Kxf4 Ra4+ 60.Kg3 Ra3+ 61.Kh2 Rb3 62.Ra5 Kg6 63.g3 Rb2+
64.Kg1 Rc2 65.Rg5+ Kh6 66.Kf1 Ra2 67.Re5 Kg6 68.Rg5+

[Event "Aut_chT_0910"]
[Site "Baden"]
[Date "2009.11.08"]
[Round "3"]
[Board "2"]
[White "Pavasovic, Dusko"]
[Black "Maiwald, Jens-Uwe"]
[Result "1-0"]
[WhiteElo "2574"]
[BlackElo "2474"]
[PlyCount "75"]
[EventDate "2009.11.06"]
[EventType "team"]
[EventRounds "11"]
[EventCountry "AUT"]
[WhiteTeam "SK Kl.Ztg.MPOE Maria Saal"]
[BlackTeam "Mayrhofen/Zillertal"]

1.e4 d6 2.d4 g6 3.Nc3 c6 4.h3 Bg7 5.Be3 b5 6.a3 Nd7 7.f4 Nb6 8.Nf3 Nf6 9.Bd3 Rb8
10.O-O a5 11.Qe1 Qc7 12.e5 Nfd5 13.Nxd5 Nxd5 14.Bd2 b4 15.c4 bxc3 16.bxc3 O-O
17.c4 Nb6 18.Bxa5 Qa7 19.Bb4 c5 20.dxc5 Na4 21.Qf2 Nxc5 22.Rfe1 Bb7 23.Ng5 Ra8
24.Bc2 Rfc8 25.Rad1 h6 26.exd6 exd6 27.Nf3 Bxf3 28.gxf3 Ne6 29.Qxa7 Rxa7 30.Bxd6
Nd4 31.Be4 Rxc4 32.Kf1 Nb5 33.Bb8 Rxa3 34.Rd8+ Kh7 35.Rd7 Rc8 36.Be5 Bxe5
37.fxe5 Rc7 38.e6

[Event "Aut_chT_0910"]
[Site "Baden"]
[Date "2009.11.08"]
[Round "3"]
[Board "3"]
[White "Platzgummer, Fabian"]
[Black "Buhmann, Rainer"]
[Result "0-1"]
[WhiteElo "2401"]
[BlackElo "2591"]
[PlyCount "68"]
[EventDate "2009.11.06"]
[EventType "team"]
[EventRounds "11"]
[EventCountry "AUT"]
[WhiteTeam "Mayrhofen/Zillertal"]
[BlackTeam "SK Kl.Ztg.MPOE Maria Saal"]

1.d4 d5 2.c4 e6 3.Nf3 Nf6 4.e3 Be7 5.Nc3 O-O 6.Qc2 a6 7.a3 c5 8.dxc5 Bxc5 9.Be2
dxc4 10.Bxc4 b5 11.Be2 Nbd7 12.Ne4 Be7 13.Nd4 Bb7 14.Nc6 Bxc6 15.Nxf6+ Bxf6
16.Qxc6 Qe7 17.Rb1 Nc5 18.Bd2 Rfc8 19.Qf3 Qd7 20.e4 Na4 21.Bc1 Bxb2 22.Bxb2 Nxb2
23.O-O Rc2 24.e5 Rac8 25.Qe4 g6 26.h4 Qe7 27.h5 Na4 28.h6 R2c7 29.Qf4 Nc3
30.Rbe1 Qxa3 31.Bg4 Nd5 32.Qg5 Qe7 33.Qd2 Rc2 34.Qa5 Qb4

[Event "Aut_chT_0910"]
[Site "Baden"]
[Date "2009.11.08"]
[Round "3"]
[Board "4"]
[White "Tratar, Marko"]
[Black "Gross, David"]
[Result "1-0"]
[WhiteElo "2493"]
[BlackElo "2465"]
[PlyCount "71"]
[EventDate "2009.11.06"]
[EventType "team"]
[EventRounds "11"]
[EventCountry "AUT"]
[WhiteTeam "SK Kl.Ztg.MPOE Maria Saal"]
[BlackTeam "Mayrhofen/Zillertal"]

1.Nf3 Nf6 2.c4 e6 3.d4 b6 4.g3 Ba6 5.Qa4 Bb7 6.Bg2 c5 7.dxc5 bxc5 8.O-O Be7
9.Nc3 O-O 10.Rd1 Qb6 11.Bf4 d6 12.Rab1 Bc6 13.Qc2 Rd8 14.e4 Qb7 15.Nd2 h6 16.h3
Ne8 17.Nb3 a5 18.a4 Qb6 19.Nb5 Na6 20.Qe2 Nb4 21.Be3 Qb7 22.Bd2 Nf6 23.Re1 Nd7
24.Bc3 Nb6 25.Ra1 Bf8 26.Rec1 Nd7 27.f4 Be7 28.Kh2 Nb6 29.Rd1 d5 30.exd5 exd5
31.cxd5 N6xd5 32.Re1 Bf8 33.Rad1 Re8 34.Qf2 Rxe1 35.Bxe1 Re8 36.Nxa5

[Event "Aut_chT_0910"]
[Site "Baden"]
[Date "2009.11.08"]
[Round "3"]
[Board "6"]
[White "Halvax, Georg"]
[Black "Tabernig, Bernhard"]
[Result "1/2-1/2"]
[WhiteElo "2265"]
[BlackElo "2293"]
[PlyCount "61"]
[EventDate "2009.11.06"]
[EventType "team"]
[EventRounds "11"]
[EventCountry "AUT"]
[WhiteTeam "SK Kl.Ztg.MPOE Maria Saal"]
[BlackTeam "Mayrhofen/Zillertal"]

1.e4 e6 2.d4 d5 3.Nc3 Nf6 4.e5 Nfd7 5.f4 c5 6.Nf3 Nc6 7.Be3 Rb8 8.Qd2 Qa5 9.g3
b5 10.Bh3 cxd4 11.Nxd4 Nxd4 12.Bxd4 Nc5 13.O-O b4 14.Ne2 Ba6 15.f5 Ne4 16.Qe3
Bc5 17.Rf4 Bxe2 18.Rxe4 dxe4 19.Bxc5 Rc8 20.Bd6 Qb6 21.Qxb6 axb6 22.fxe6 fxe6
23.Bxe6 Rxc2 24.Bb3 Rc8 25.Be6 Rc6 26.Bd5 Rxd6 27.exd6 Kd7 28.Bxe4 Kxd6 29.Kf2
Bc4 30.Ke3 Ke5 31.a3

[Event "Aut_chT_0910"]
[Site "Baden"]
[Date "2010.01.14"]
[Round "4"]
[Board "1"]
[White "Meier, Georg"]
[Black "Ragger, Markus"]
[Result "1/2-1/2"]
[WhiteElo "2663"]
[BlackElo "2568"]
[PlyCount "61"]
[EventDate "2009.11.06"]
[EventType "team"]
[EventRounds "11"]
[EventCountry "AUT"]
[WhiteTeam "Holz Dohr"]
[BlackTeam "SK Kl.Ztg.MPOE Maria Saal"]

1.e4 e5 2.Nf3 Nc6 3.Bb5 a6 4.Bxc6 dxc6 5.O-O f6 6.d4 exd4 7.Nxd4 c5 8.Ne2 Qxd1
9.Rxd1 Bd7 10.Be3 O-O-O 11.Nbc3 Re8 12.Rd2 Bc6 13.Rad1 b6 14.a4 Ne7 15.a5 Kb7
16.Nf4 Ng6 17.axb6 cxb6 18.f3 a5 19.b3 f5 20.Nfd5 Ne7 21.Nxe7 Bxe7 22.exf5 Rhf8
23.Nd5 Rxf5 24.Nxe7 Rxe7 25.Bf2 Rff7 26.Bg3 Rd7 27.Kf2 Rxd2+ 28.Rxd2 Rd7 29.Ke3
Rxd2 30.Kxd2 Bd5 31.Be5

[Event "Aut_chT_0910"]
[Site "Baden"]
[Date "2010.01.14"]
[Round "4"]
[Board "2"]
[White "Pavasovic, Dusko"]
[Black "Kuzubov, Yuriy"]
[Result "1/2-1/2"]
[WhiteElo "2574"]
[BlackElo "2634"]
[PlyCount "81"]
[EventDate "2009.11.06"]
[EventType "team"]
[EventRounds "11"]
[EventCountry "AUT"]
[WhiteTeam "SK Kl.Ztg.MPOE Maria Saal"]
[BlackTeam "Holz Dohr"]

1.e4 g6 2.d4 Bg7 3.c3 d6 4.Nf3 Nf6 5.Bd3 O-O 6.O-O Nbd7 7.Re1 e5 8.Bg5 h6 9.Bh4
Qe8 10.Nbd2 Nh5 11.Nc4 Nf4 12.Bf1 Nb6 13.Bg3 Nh5 14.dxe5 Nxg3 15.hxg3 dxe5 16.a4
Qe7 17.a5 Nxc4 18.Bxc4 Bg4 19.Qe2 a6 20.Qe3 Rad8 21.Rad1 Kh7 22.b4 Bf6 23.Qa7 c6
24.Bb3 Kg7 25.Qb6 h5 26.Rxd8 Rxd8 27.Rd1 Rxd1+ 28.Bxd1 Qd7 29.Be2 Bxf3 30.gxf3
h4 31.gxh4 Bxh4 32.Qe3 Qe7 33.Bc4 Qd8 34.Bb3 Bg5 35.Qc5 Qf6 36.Kg2 Bd2 37.Qc4
Qf4 38.Qd3 Bc1 39.Qd7 Bb2 40.Qxb7 Bxc3 41.Qxc6

[Event "Aut_chT_0910"]
[Site "Baden"]
[Date "2010.01.14"]
[Round "4"]
[Board "3"]
[White "Baklan, Vladimir"]
[Black "Buhmann, Rainer"]
[Result "1-0"]
[WhiteElo "2644"]
[BlackElo "2591"]
[PlyCount "89"]
[EventDate "2009.11.06"]
[EventType "team"]
[EventRounds "11"]
[EventCountry "AUT"]
[WhiteTeam "Holz Dohr"]
[BlackTeam "SK Kl.Ztg.MPOE Maria Saal"]

1.e4 e5 2.Nf3 Nc6 3.Bb5 Nf6 4.O-O Nxe4 5.Re1 Nd6 6.Nxe5 Be7 7.Bf1 Nf5 8.Nf3 O-O
9.d4 d5 10.g3 Re8 11.Nc3 Be6 12.Ne2 g5 13.c3 Ng7 14.Bg2 f6 15.Nd2 Qd7 16.Nf1 Bf8
17.h4 gxh4 18.Nf4 Bf7 19.Rxe8 Rxe8 20.Ne3 hxg3 21.fxg3 Kh8 22.Nexd5 Qd6 23.Bd2
Ne7 24.Nxe7 Rxe7 25.Qf3 c6 26.a3 Re8 27.Rf1 Qd8 28.b4 Bd6 29.Rf2 Rg8 30.Qd3 Bxf4
31.Bxf4 Bd5 32.c4 Bxg2 33.Kxg2 Qd7 34.d5 Nh5 35.Qf3 Rg4 36.Bb8 Rg5 37.dxc6 bxc6
38.Re2 Kg7 39.c5 Kg6 40.Bd6 Ng7 41.Re7 Qc8 42.Qe4+ Nf5 43.Re8 Qd7 44.Rg8+ Kh6
45.Bf8+

[Event "Aut_chT_0910"]
[Site "Baden"]
[Date "2010.01.14"]
[Round "4"]
[Board "4"]
[White "Schachinger, Mario"]
[Black "Bischoff, Klaus"]
[Result "0-1"]
[WhiteElo "2350"]
[BlackElo "2569"]
[PlyCount "104"]
[EventDate "2009.11.06"]
[EventType "team"]
[EventRounds "11"]
[EventCountry "AUT"]
[WhiteTeam "SK Kl.Ztg.MPOE Maria Saal"]
[BlackTeam "Holz Dohr"]

1.e4 c5 2.Nf3 e6 3.d4 cxd4 4.Nxd4 Nf6 5.Nc3 d6 6.Be3 Be7 7.f3 O-O 8.Qd2 a6
9.O-O-O Nc6 10.g4 Nd7 11.g5 Nxd4 12.Qxd4 b5 13.h4 Rb8 14.Kb1 Qb6 15.Ne2 Qxd4
16.Nxd4 Bb7 17.Bd3 Rfe8 18.Rhe1 Bf8 19.h5 g6 20.h6 Rbc8 21.f4 Nc5 22.e5 dxe5
23.fxe5 Be7 24.Nb3 Ne4 25.Rg1 Red8 26.Bxe4 Rxd1+ 27.Rxd1 Bxe4 28.Rd2 Kf8 29.Nc1
Ke8 30.Nd3 Bf5 31.a3 Rc4 32.b4 Re4 33.Bf4 Rd4 34.Be3 Re4 35.Bf4 Rxf4 36.Nxf4
Bxg5 37.Rf2 Bxh6 38.Nd3 Bg7 39.Re2 h5 40.Nc5 h4 41.Nxa6 h3 42.Nc7+ Ke7 43.Nxb5
Bg4 44.Re1 Bf3 45.Nd4 Bg2 46.b5 h2 47.Nc6+ Ke8 48.a4 h1=Q 49.Rxh1 Bxh1 50.a5
Bxc6 51.bxc6 Bxe5 52.a6 Bd4

[Event "Aut_chT_0910"]
[Site "Baden"]
[Date "2010.01.14"]
[Round "4"]
[Board "4"]
[White "Gross, David"]
[Black "Schenk, Andreas"]
[Result "1/2-1/2"]
[WhiteElo "2465"]
[BlackElo "2506"]
[PlyCount "99"]
[EventDate "2009.11.06"]
[EventType "team"]
[EventRounds "11"]
[EventCountry "AUT"]
[WhiteTeam "Mayrhofen/Zillertal"]
[BlackTeam "SK Sparkasse Fuerstenfeld"]

1.e4 c5 2.Nf3 d6 3.d4 cxd4 4.Nxd4 Nf6 5.Nc3 a6 6.Be2 e6 7.O-O Be7 8.f4 O-O 9.a4
Qc7 10.Kh1 Nc6 11.Be3 Re8 12.Bg1 Rb8 13.Qd3 Bf8 14.Qg3 b6 15.e5 Nd7 16.exd6 Qxd6
17.Rad1 Qc7 18.Nxc6 Qxc6 19.f5 Bb7 20.Bf3 Qc8 21.fxe6 fxe6 22.Bh5 Re7 23.Be3 g6
24.Bg5 Rg7 25.Bg4 Qe8 26.Bh6 Rf7 27.Bxf8 Rxf1+ 28.Rxf1 Nxf8 29.Qe5 h5 30.Be2 Rc8
31.Ne4 Bxe4 32.Qxe4 a5 33.Bd3 Rc7 34.Qd4 Rf7 35.Re1 Qc6 36.h3 Qc7 37.Re5 Rd7
38.Qe3 Rf7 39.Rb5 Nd7 40.Qxe6 Nf8 41.Qxb6 Qf4 42.b3 Re7 43.Bc4+ Kh7 44.Qxa5 Qc1+
45.Kh2 Qf4+ 46.Kg1 Qe3+ 47.Kh1 Qg3 48.Bf1 Re1 49.Rb7+ Kh8 50.Rf7

[Event "Aut_chT_0910"]
[Site "Baden"]
[Date "2010.01.14"]
[Round "4"]
[Board "1"]
[White "Lipka, Juraj"]
[Black "Balogh, Csaba"]
[Result "1/2-1/2"]
[WhiteElo "2409"]
[BlackElo "2619"]
[PlyCount "77"]
[EventDate "2009.11.06"]
[EventType "team"]
[EventRounds "11"]
[EventCountry "AUT"]
[WhiteTeam "ASVOE Pamhagen"]
[BlackTeam "SK Advisory Invest Baden"]

1.Nf3 d5 2.d4 Nf6 3.c4 c6 4.e3 Bf5 5.Nc3 e6 6.Nh4 Be4 7.f3 Bg6 8.Nxg6 hxg6 9.Qb3
Qc7 10.Bd2 Bd6 11.O-O-O Nbd7 12.cxd5 Nxd5 13.Nxd5 exd5 14.e4 dxe4 15.fxe4 c5
16.dxc5 Nxc5 17.Qb5+ Kf8 18.Kb1 Nxe4 19.Be1 Rh5 20.Qd3 Re8 21.Be2 Rhe5 22.Bf3
Kg8 23.Bg3 Nxg3 24.hxg3 R5e6 25.Bd5 Rf6 26.Rdf1 Rxf1+ 27.Rxf1 Re7 28.Qxg6 Bxg3
29.Bxf7+ Rxf7 30.Rxf7 Qxf7 31.Qxg3 Qf5+ 32.Kc1 Kh7 33.Kd2 Kh6 34.Qd6+ g6 35.Ke3
Kh5 36.Qh2+ Kg4 37.Qh3+ Kg5 38.Qg3+ Kh5 39.Qh2+

[Event "Aut_chT_0910"]
[Site "Baden"]
[Date "2010.01.14"]
[Round "4"]
[Board "4"]
[White "Baumegger, Siegfried"]
[Black "Vitouch, Anatol"]
[Result "1-0"]
[WhiteElo "2442"]
[BlackElo "2288"]
[PlyCount "77"]
[EventDate "2009.11.06"]
[EventType "team"]
[EventRounds "11"]
[EventCountry "AUT"]
[WhiteTeam "SK Advisory Invest Baden"]
[BlackTeam "ASVOE Pamhagen"]

1.c4 e5 2.Nc3 Bb4 3.Nd5 Be7 4.d4 d6 5.e4 c6 6.Nxe7 Qxe7 7.f3 Nf6 8.Ne2 d5 9.exd5
cxd5 10.dxe5 Qxe5 11.Qd4 Nc6 12.Qxe5+ Nxe5 13.cxd5 Nd3+ 14.Kd2 Nxc1 15.Nc3 O-O
16.Kxc1 Bf5 17.g4 Bg6 18.h4 h5 19.g5 Nd7 20.Kd2 Nb6 21.Rd1 Rad8 22.Ke3 Rd6
23.Rh2 f5 24.Rhd2 f4+ 25.Kf2 Rfd8 26.Rd4 Kh7 27.Bh3 Bf7 28.Rxf4 Bg8 29.Rfd4 Nxd5
30.Nxd5 Rxd5 31.Rxd5 Rxd5 32.Rxd5 Bxd5 33.a3 Kg6 34.f4 Be4 35.Ke3 Bf5 36.Bg2 Bc8
37.Kd4 Kf7 38.Ke5 Ke7 39.f5

[Event "Aut_chT_0910"]
[Site "Baden"]
[Date "2010.01.14"]
[Round "4"]
[Board "1"]
[White "Miroshnichenko, Evgenij"]
[Black "Boros, Denez"]
[Result "1/2-1/2"]
[WhiteElo "2686"]
[BlackElo "2494"]
[PlyCount "129"]
[EventDate "2009.11.06"]
[EventType "team"]
[EventRounds "11"]
[EventCountry "AUT"]
[WhiteTeam "ASVOE Wulkaprodersdorf"]
[BlackTeam "Husek Wien"]

1.d4 Nf6 2.c4 c6 3.Nf3 d5 4.e3 e6 5.Bd3 dxc4 6.Bxc4 a6 7.O-O c5 8.dxc5 Qxd1
9.Rxd1 Bxc5 10.Be2 Nbd7 11.Nbd2 O-O 12.Nb3 Be7 13.Nfd4 Nb6 14.Na5 Na4 15.Bf3 e5
16.Bxb7 Bxb7 17.Nf5 Rfd8 18.Nxe7+ Kf8 19.Bd2 Nxb2 20.Nxb7 Nxd1 21.Nxd8 Kxe7
22.Nc6+ Kd6 23.Rc1 Nb2 24.Bb4+ Ke6 25.Nxe5 Nd5 26.Ba3 Na4 27.Nd3 f6 28.Nc5+ Nxc5
29.Rxc5 Rb8 30.g3 Rb1+ 31.Kg2 Ra1 32.Rc6+ Kf7 33.Rc2 a5 34.Kf3 Ke6 35.Ke4 Rxa2
36.Rc6+ Kf7 37.Bd6 Rd2 38.f4 Ke8 39.Ba3 Kf7 40.f5 g6 41.g4 h5 42.fxg6+ Kxg6
43.gxh5+ Kg5 44.Bc1 Rd1 45.Rc5 f5+ 46.Ke5 Nb4 47.Ke6 Kxh5 48.Ba3 Kg4 49.Rxa5 Nc2
50.Bc5 Re1 51.Ra4+ Kh3 52.Kxf5 Nxe3+ 53.Kf4 Ng2+ 54.Kf3 Re6 55.Bg1 Nh4+ 56.Kf4
Rf6+ 57.Ke5 Rf5+ 58.Ke4 Rg5 59.Ra3+ Kg2 60.Be3 Rb5 61.Ra2+ Kh3 62.Rd2 Rb8 63.Bc5
Re8+ 64.Kf4 Ng6+ 65.Kf5

[Event "Aut_chT_0910"]
[Site "Baden"]
[Date "2010.01.14"]
[Round "4"]
[Board "6"]
[White "Zojer, Stefan"]
[Black "Schweda, Roland"]
[Result "0-1"]
[WhiteElo "2043"]
[BlackElo "2432"]
[PlyCount "80"]
[EventDate "2009.11.06"]
[EventType "team"]
[EventRounds "11"]
[EventCountry "AUT"]
[WhiteTeam "Husek Wien"]
[BlackTeam "ASVOE Wulkaprodersdorf"]

1.e4 c5 2.Nf3 a6 3.c4 Nc6 4.Nc3 d6 5.d4 cxd4 6.Nxd4 g6 7.Be3 Bg7 8.Be2 Nf6 9.f3
O-O 10.O-O Bd7 11.Qd2 Qa5 12.Nxc6 Bxc6 13.Nd5 Qd8 14.Bb6 Qd7 15.Bd4 Bxd5 16.cxd5
Rfc8 17.a4 Qd8 18.b4 Nd7 19.a5 Rc2 20.Qxc2 Bxd4+ 21.Kh1 Rc8 22.Qa4 Bxa1 23.Rxa1
Qc7 24.h3 Nf6 25.b5 Nh5 26.Kh2 axb5 27.Qxb5 Qc3 28.Rb1 Qe5+ 29.Kg1 Rc2 30.Qd3
Ra2 31.Qc4 Rxa5 32.Qc8+ Kg7 33.Qxb7 Ra2 34.Bf1 Nf4 35.Qc8 e6 36.Rb8 Nxh3+ 37.Kh1
Qh5 38.Qf8+ Kf6 39.e5+ Kxe5 40.Qh8+ f6

[Event "Aut_chT_0910"]
[Site "Baden"]
[Date "2010.01.14"]
[Round "4"]
[Board "3"]
[White "Varga, Zoltan"]
[Black "Novkovic, Milan"]
[Result "1-0"]
[WhiteElo "2485"]
[BlackElo "2396"]
[PlyCount "59"]
[EventDate "2009.11.06"]
[EventType "team"]
[EventRounds "11"]
[EventCountry "AUT"]
[WhiteTeam "ASVOE SK Lackenbach"]
[BlackTeam "SK Hohenems"]

1.c4 g6 2.d4 Bg7 3.e4 d6 4.Nc3 Nf6 5.f3 O-O 6.Bg5 c5 7.d5 h6 8.Bf4 Nh5 9.Be3 e6
10.Qd2 exd5 11.Nxd5 Nc6 12.Bxh6 Qh4+ 13.Kd1 Ng3 14.Bxg7 Nxh1 15.Qh6 Qxh6 16.Bxh6
f5 17.Bxf8 Kxf8 18.exf5 Ne5 19.fxg6 Bf5 20.Kd2 b5 21.cxb5 Nf2 22.Nf4 c4 23.g4
Bd3 24.Ke3 Bxf1 25.Rxf1 Nfd3 26.Nxd3 Nxd3 27.b3 d5 28.bxc4 dxc4 29.Kd4 Rc8
30.Ne2

[Event "Aut_chT_0910"]
[Site "Baden"]
[Date "2010.01.14"]
[Round "4"]
[Board "4"]
[White "Baldauf, Marco"]
[Black "Vavrak, Peter"]
[Result "1/2-1/2"]
[WhiteElo "2373"]
[BlackElo "2470"]
[PlyCount "117"]
[EventDate "2009.11.06"]
[EventType "team"]
[EventRounds "11"]
[EventCountry "AUT"]
[WhiteTeam "SK Hohenems"]
[BlackTeam "ASVOE SK Lackenbach"]

1.d4 e6 2.c4 Nf6 3.Nf3 b6 4.g3 Ba6 5.b3 Bb4+ 6.Bd2 Be7 7.Bg2 d5 8.Ne5 c6 9.Bc3
Nfd7 10.Nxd7 Nxd7 11.Nd2 O-O 12.O-O f5 13.Rc1 Bd6 14.Nf3 Qe7 15.Bd2 Rac8 16.Bf4
Bxf4 17.gxf4 Qa3 18.Qd2 Nf6 19.Ne5 Rfd8 20.c5 Bb5 21.Bf3 Nd7 22.Nxd7 Rxd7 23.Rc3
Kf7 24.Rb1 Rb7 25.Qc1 Qxc1+ 26.Rbxc1 Ke7 27.Kf1 Kd7 28.Ke1 Ba6 29.e3 Rbc7 30.Kd2
Rf8 31.h4 Rf6 32.Rg1 Rg6 33.Rcc1 Rxg1 34.Rxg1 Ke8 35.Kc3 Kf7 36.Kb4 Bd3 37.a4
Rb7 38.Kc3 Ba6 39.Rc1 bxc5 40.dxc5 Kf6 41.Rd1 Rb8 42.Rd4 Ke7 43.Rb4 Rg8 44.Kd2
Kd7 45.Be2 Bxe2 46.Kxe2 Kc7 47.a5 Rb8 48.Rxb8 Kxb8 49.a6 Kc7 50.Kd3 Kd7 51.Kd4
h5 52.Ke5 Ke7 53.f3 Kd7 54.e4 g6 55.b4 Ke7 56.exd5 exd5 57.Kd4 Kd7 58.Kd3 Kc7
59.Kd4

[Event "Aut_chT_0910"]
[Site "Baden"]
[Date "2010.01.14"]
[Round "4"]
[Board "5"]
[White "Bokros, Albert"]
[Black "Froewis, Georg"]
[Result "1/2-1/2"]
[WhiteElo "2479"]
[BlackElo "2281"]
[PlyCount "94"]
[EventDate "2009.11.06"]
[EventType "team"]
[EventRounds "11"]
[EventCountry "AUT"]
[WhiteTeam "ASVOE SK Lackenbach"]
[BlackTeam "SK Hohenems"]

1.e4 e6 2.Qe2 c5 3.Nf3 Nc6 4.g3 g6 5.Bg2 Bg7 6.O-O Nge7 7.c3 O-O 8.d3 d5 9.e5 b5
10.Bf4 b4 11.Nbd2 bxc3 12.bxc3 Rb8 13.Nb3 c4 14.dxc4 Ba6 15.Nfd2 Na5 16.Rfd1
Bxc4 17.Nxc4 Nxc4 18.Nc5 Rb5 19.Nd3 Qc7 20.h4 Rfb8 21.Nb4 R5b6 22.Re1 R8b7
23.Rac1 Nc6 24.Bxd5 N4a5 25.Bg2 Rb5 26.a4 R5b6 27.Be3 Nxe5 28.Bf4 Nac4 29.Nd3
Rb2 30.Nxb2 Rxb2 31.Rc2 Rb6 32.Rd1 h5 33.Qe4 Kh7 34.Rcc1 Qc5 35.Rb1 Ng4 36.Qe2
Bxc3 37.Rxb6 axb6 38.Rc1 Qd4 39.Qc2 Bd2 40.Qxc4 Qxf2+ 41.Kh1 Bxc1 42.Qxc1 e5
43.Bg5 Qxg3 44.Kg1 Qf2+ 45.Kh1 Qg3 46.Kg1 Qh2+ 47.Kf1 Qg3

[Event "Aut_chT_0910"]
[Site "Baden"]
[Date "2010.01.14"]
[Round "4"]
[Board "1"]
[White "Luther, Thomas"]
[Black "Gyimesi, Zoltan"]
[Result "1/2-1/2"]
[WhiteElo "2577"]
[BlackElo "2586"]
[PlyCount "34"]
[EventDate "2009.11.06"]
[EventType "team"]
[EventRounds "11"]
[EventCountry "AUT"]
[WhiteTeam "Styria Graz"]
[BlackTeam "Sparkasse Jenbach"]

1.e4 e5 2.Nf3 Nc6 3.Bb5 a6 4.Ba4 Nf6 5.O-O Be7 6.Re1 b5 7.Bb3 O-O 8.c3 d5 9.d4
exd4 10.e5 Ne4 11.cxd4 Bf5 12.Nc3 Nxc3 13.bxc3 Qd7 14.Bg5 Ba3 15.Bc1 Be7 16.Bg5
Ba3 17.Bc1 Be7

[Event "Aut_chT_0910"]
[Site "Baden"]
[Date "2010.01.14"]
[Round "4"]
[Board "6"]
[White "Reich, Thomas"]
[Black "Wittmann, Walter"]
[Result "1/2-1/2"]
[WhiteElo "2359"]
[BlackElo "2294"]
[PlyCount "60"]
[EventDate "2009.11.06"]
[EventType "team"]
[EventRounds "11"]
[EventCountry "AUT"]
[WhiteTeam "Sparkasse Jenbach"]
[BlackTeam "Styria Graz"]

1.d4 d5 2.Nf3 Nf6 3.c4 e6 4.Nc3 dxc4 5.e3 a6 6.a4 c5 7.Bxc4 Nc6 8.O-O Be7 9.Qe2
O-O 10.Rd1 cxd4 11.exd4 Nb4 12.Bg5 Bd7 13.d5 exd5 14.Nxd5 Nbxd5 15.Bxd5 Nxd5
16.Rxd5 Bxg5 17.Nxg5 h6 18.Qd2 hxg5 19.Rxd7 Qf6 20.Rd1 Rae8 21.h3 Re4 22.Rd6 Qf5
23.Rd5 Re5 24.Rxe5 Qxe5 25.Qd4 Qe2 26.Rd2 Qe1+ 27.Kh2 Re8 28.Rd1 Qe2 29.Rd2 Qe1
30.Rd1 Qe2

[Event "Aut_chT_0910"]
[Site "Baden"]
[Date "2010.01.15"]
[Round "5"]
[Board "1"]
[White "Gyimesi, Zoltan"]
[Black "Meier, Georg"]
[Result "1/2-1/2"]
[WhiteElo "2586"]
[BlackElo "2663"]
[PlyCount "54"]
[EventDate "2009.11.06"]
[EventType "team"]
[EventRounds "11"]
[EventCountry "AUT"]
[WhiteTeam "Sparkasse Jenbach"]
[BlackTeam "Holz Dohr"]

1.d4 e6 2.c4 Nf6 3.Nf3 d5 4.g3 dxc4 5.Bg2 c5 6.O-O Nc6 7.dxc5 Qxd1 8.Rxd1 Bxc5
9.Nbd2 c3 10.bxc3 O-O 11.Nb3 Be7 12.Nfd4 Bd7 13.Bg5 Rfd8 14.Bxf6 Bxf6 15.Nc5 Na5
16.Ndb3 Nxb3 17.axb3 Bxc3 18.Nxb7 Bxa1 19.Nxd8 Rxd8 20.Rxa1 Bb5 21.Rxa7 Rd1+
22.Bf1 g6 23.Kg2 Rb1 24.f3 Rxb3 25.Rb7 Kg7 26.Kf2 Bc4 27.Rxb3 Bxb3

[Event "Aut_chT_0910"]
[Site "Baden"]
[Date "2010.01.15"]
[Round "5"]
[Board "2"]
[White "Kuzubov, Yuriy"]
[Black "Schlosser, Philipp"]
[Result "0-1"]
[WhiteElo "2634"]
[BlackElo "2557"]
[PlyCount "76"]
[EventDate "2009.11.06"]
[EventType "team"]
[EventRounds "11"]
[EventCountry "AUT"]
[WhiteTeam "Holz Dohr"]
[BlackTeam "Sparkasse Jenbach"]

1.Nf3 Nf6 2.c4 c5 3.g3 d5 4.cxd5 Nxd5 5.Bg2 Nc6 6.Nc3 Nc7 7.a3 e5 8.O-O f6 9.Rb1
Be7 10.b4 O-O 11.bxc5 Bxc5 12.Qc2 Kh8 13.e3 Qe7 14.d4 exd4 15.exd4 Nxd4 16.Nxd4
Bxd4 17.Ne2 Bb6 18.Rb4 Ne6 19.Rh4 f5 20.Bb2 Bd7 21.Qd2 Rf7 22.Bd5 Bc6 23.Qh6
Qxh4 24.Qxh4 Bxd5 25.Nf4 Nxf4 26.Qxf4 Re8 27.Rd1 Bc6 28.Bc3 Kg8 29.h4 h6 30.Re1
Re4 31.Qd2 Rg4 32.Be5 f4 33.Kh2 Bxf2 34.Bxf4 Rfxf4 35.Qa2+ Kh8 36.Re8+ Bxe8
37.gxf4 Rxh4+ 38.Kg2 Bc6+

[Event "Aut_chT_0910"]
[Site "Baden"]
[Date "2010.01.15"]
[Round "5"]
[Board "3"]
[White "Acs, Peter"]
[Black "Baklan, Vladimir"]
[Result "1-0"]
[WhiteElo "2538"]
[BlackElo "2644"]
[PlyCount "95"]
[EventDate "2009.11.06"]
[EventType "team"]
[EventRounds "11"]
[EventCountry "AUT"]
[WhiteTeam "Sparkasse Jenbach"]
[BlackTeam "Holz Dohr"]

1.e4 e6 2.d4 d5 3.Nc3 Nf6 4.Bg5 dxe4 5.Nxe4 Nbd7 6.Nxf6+ Nxf6 7.Nf3 h6 8.Be3 Nd5
9.Bd3 Nxe3 10.fxe3 Bd6 11.e4 c5 12.e5 Be7 13.c3 cxd4 14.Nxd4 Bc5 15.Qg4 Bxd4
16.cxd4 Qa5+ 17.Ke2 Bd7 18.Rac1 Bc6 19.Rhf1 Qd5 20.b3 Rd8 21.Qxg7 Qxg2+ 22.Qxg2
Bxg2 23.Bb5+ Kf8 24.Rf2 Rg8 25.Rc7 Rg7 26.Ke3 Kg8 27.Be2 Bc6 28.Rf6 a5 29.Rxh6
f5 30.Rxg7+ Kxg7 31.Rxe6 f4+ 32.Kxf4 Rxd4+ 33.Kg5 Rd2 34.Bg4 Rxa2 35.h3 Kf8
36.Rh6 Kg7 37.Rg6+ Kf8 38.Rf6+ Ke7 39.h4 Rg2 40.Re6+ Kf7 41.Rf6+ Ke7 42.h5 Bd7
43.Rf4 Bxg4 44.Rxg4 Rh2 45.h6 b5 46.Rh4 Rg2+ 47.Kh5 Kf7 48.Rf4+

[Event "Aut_chT_0910"]
[Site "Baden"]
[Date "2010.01.15"]
[Round "5"]
[Board "4"]
[White "Bischoff, Klaus"]
[Black "Boensch, Uwe"]
[Result "1/2-1/2"]
[WhiteElo "2569"]
[BlackElo "2511"]
[PlyCount "60"]
[EventDate "2009.11.06"]
[EventType "team"]
[EventRounds "11"]
[EventCountry "AUT"]
[WhiteTeam "Holz Dohr"]
[BlackTeam "Sparkasse Jenbach"]

1.c4 e6 2.Nc3 d5 3.d4 Be7 4.Nf3 Nf6 5.Bg5 h6 6.Bh4 O-O 7.e3 b6 8.Be2 Bb7 9.Bxf6
Bxf6 10.cxd5 exd5 11.b4 c6 12.O-O a5 13.bxa5 Rxa5 14.Rb1 Ba6 15.Bxa6 Rxa6 16.a4
Nd7 17.Rb3 Qa8 18.Qb1 g6 19.Rd1 Bg7 20.Ne1 Rc8 21.Nd3 c5 22.Nf4 Nf6 23.Nfe2 cxd4
24.Nxd4 Ne4 25.Nxe4 dxe4 26.Rxb6 Rxb6 27.Qxb6 Qxa4 28.Qb3 Qxb3 29.Nxb3 f5 30.g3
Rc7

[Event "Aut_chT_0910"]
[Site "Baden"]
[Date "2010.01.15"]
[Round "5"]
[Board "5"]
[White "Lehner, Oliver"]
[Black "Palac, Mladen"]
[Result "1-0"]
[WhiteElo "2407"]
[BlackElo "2563"]
[PlyCount "57"]
[EventDate "2009.11.06"]
[EventType "team"]
[EventRounds "11"]
[EventCountry "AUT"]
[WhiteTeam "Sparkasse Jenbach"]
[BlackTeam "Holz Dohr"]

1.c4 e5 2.g3 Nf6 3.Bg2 d5 4.cxd5 Nxd5 5.Nc3 Nb6 6.Nf3 Nc6 7.O-O Be7 8.a3 O-O
9.b4 Be6 10.Rb1 f6 11.d3 Nd4 12.Nd2 c6 13.Nde4 Rf7 14.e3 Nf5 15.Nc5 Bxc5 16.bxc5
Nc8 17.f4 Rd7 18.fxe5 fxe5 19.Bh3 Rf7 20.Ne4 Qe7 21.Rb2 h6 22.Qh5 Qd7 23.g4 Nfe7
24.Rbf2 Rxf2 25.Rxf2 Qxd3 26.Qxe5 Qd5 27.Nf6+ gxf6 28.Qxf6 Bf7 29.Rd2